| 000 | 00449nam a2200145Ia 4500 | ||
|---|---|---|---|
| 008 | 100415s9999 xx 000 0 und d | ||
| 082 |
_b6147 _a590 |
||
| 100 | _aB.U.S | ||
| 245 | _aBulletin Of The U. S. National Museum No. 216(2) | ||
| 260 |
_aWASHINGTON _c1960 _bSMITHONIAN INSTITUTION |
||
| 365 | _b0 | ||
| 630 | _aBulletin Of The U. S. National Museum No. 216(2) | ||
| 730 | _aBulletin Of The U. S. National Museum No. 216(2) | ||
| 942 | _cBOOK | ||
| 999 |
_c589117 _d589114 |
||